Guatemala ocho siglos de la red de localidades urbanas : (Registro nro. 2502)

Detalles MARC
000 -LEADER
campo de control de longitud fija 02842nam a2200361 i 4500
001 - NÚMERO DE CONTROL
campo de control 2502
003 - IDENTIFICADOR DE NÚMERO DE CONTROL
campo de control gtuscu
005 - FECHA Y HORA DE LA ÚLTIMA TRANSACCIÓN
campo de control 20251106124611.0
008 - DATOS DE LONGITUD FIJA--INFORMACIÓN GENERAL
campo de control de longitud fija 251106e2014 gt|a|||| |||| 00| 0 spa d
040 ## - FUENTE DE CATALOGACIÓN
Centro catalogador/agencia de origen gtuscu
Lengua de catalogación spa
Centro/agencia transcriptor gtuscu
Centro/agencia modificador gtuscu
Normas de descripción rda
082 04 - NÚMERO DE LA CLASIFICACIÓN DECIMAL DEWEY
Número de clasificación USAC 711 AY973g
100 1# - ENTRADA PRINCIPAL--NOMBRE DE PERSONA
Nombre de persona Ayala Rosales, Carlos
Término indicativo de función/relación creador
9 (RLIN) 49
245 1# - MENCIÓN DEL TÍTULO
Título Guatemala ocho siglos de la red de localidades urbanas :
Resto del título ensayos sobre la configuración histórica de la red urbana, del siglo XII al XXI /
Mención de responsabilidad, etc. Carlos Ayala Rosales; cartógrafo Favio Hernández Soto.
260 #1 - PUBLICACIÓN, DISTRIBUCIÓN, ETC.
Nombre del editor, distribuidor, etc.
264 ## - PRODUCCIÓN, PUBLICACIÓN, DISTRIBUCIÓN, FABRICACIÓN Y COPYRIGHT
Producción, publicación, distribución, fabricación y copyright Ciudad de Guatemala :
Nombre del de productor, editor, distribuidor, fabricante Universidad de San Carlos de Guatemala, Dirección de investigación de la Facultad de Arquitectura,
Fecha de producción, publicación, distribución, fabricación o copyright 2014.
300 ## - DESCRIPCIÓN FÍSICA
Extensión 102 páginas :
Otras características físicas ilustraciones blanco y negro,
Dimensiones 27. 5 cm
336 ## - TIPO DE CONTENIDO
Fuente rdacontenido
Término de tipo de contenido texto
Código de tipo de contenido txt
337 ## - TIPO DE MEDIO
Fuente rdamedio
Nombre/término del tipo de medio sin mediación
Código del tipo de medio n
338 ## - TIPO DE SOPORTE
Fuente rdasoporte
Nombre/término del tipo de soporte volumen
Código del tipo de soporte nc
500 ## - NOTA GENERAL
Nota general Con cartografía de Favio Hernández Soto
505 3# - NOTA DE CONTENIDO CON FORMATO
Información miscelánea Introducción
505 3# - NOTA DE CONTENIDO CON FORMATO
Información miscelánea Capítulo 1.
Título Las condicionantes del medio físico natura --
505 3# - NOTA DE CONTENIDO CON FORMATO
Información miscelánea Capítulo 2.
Título La configuración histórica de la red urbana --
505 3# - NOTA DE CONTENIDO CON FORMATO
Información miscelánea Capítulo 3.
Título El contexto regional: el proceso de urbanización en Guatemala y Centroamérica --
505 3# - NOTA DE CONTENIDO CON FORMATO
Información miscelánea Capítulo 4.
Título Las determinantes y económicas del proceso de urbanización --
505 3# - NOTA DE CONTENIDO CON FORMATO
Información miscelánea Capítulo 5.
Título El proceso de urbanización y la reconfiguración de la Red urbana: las derivaciones de la economía de la subsistencia y la diversificación de la explotación
505 3# - NOTA DE CONTENIDO CON FORMATO
Información miscelánea Bibliografía consultada.
520 3# - RESUMEN, ETC.
Sumario, etc. Tomado de la contracubierta. Esta publicación trata sobre el proceso histórico de configuración de la red de localidades urbanas del país, aunque de forma sintética o condensada dado su carácter de una primera aproximación histórica con una perspectiva de larga duración. Así también a través de sus ensayos de interpretación aborda las distintas etapas o períodos históricos, aunque con mayor énfasis en la etapa contemporánea que corresponde al proceso de urbanización del país con algunas proyecciones a futuro. Posee además una valiosa colección de mapas y de gráficas en su mayor parte nunca antes realizadas y que ilustran el comportamiento territorial de esta red urbana en sus distintas etapas, así también de sus determinantes socio-históricas como los cambios en los modos de transporte o en las especialidades productivas, y de las condicionantes físico-naturales como el relieve natural y algunas zonas de vida en relación con la configuración de la trama de localidades urbanas, entre otros.
650 14 - PUNTO DE ACCESO ADICIONAL DE MATERIA--TÉRMINO DE MATERIA
Fuente del encabezamiento o término LEMB
Término de materia o nombre geográfico como elemento de entrada Urbanismo
Subdivisión de forma Historia
Subdivisión geográfica Guatemala
9 (RLIN) 50
650 17 - PUNTO DE ACCESO ADICIONAL DE MATERIA--TÉRMINO DE MATERIA
Término de materia o nombre geográfico como elemento de entrada Sociología urbana
9 (RLIN) 51
700 1# - ENTRADA AGREGADA--NOMBRE PERSONAL
Nombre de persona Hernández Soto, Favio
Término indicativo de función/relación creador
9 (RLIN) 52
942 ## - ELEMENTOS DE ENTRADA SECUNDARIOS (KOHA)
Fuente de la clasificación o esquema de estantería Clasificación Decimal Dewey
Tipo de ítem Koha Libros
Parte de la signatura que corresponde a la clasificación (Parte de la clasificación) USAC 711 AY973g
Suprimir en OPAC No
Existencias
Estatus retirado Estado de pérdida Fuente de la clasificación o esquema de estantería Estado de daño No para préstamo Biblioteca de origen Biblioteca actual Fecha de adquisición Fuente de adquisición Número de inventario Total de préstamos Signatura topográfica completa Código de barras Visto por última vez Precio de reemplazo Tipo de ítem Koha Nota pública
    Clasificación Decimal Dewey     BIBLIOTECA CEUR FLAVIO QUESADA SALDAÑA BIBLIOTECA CEUR FLAVIO QUESADA SALDAÑA 06/11/2025 sin fuente 16H-BF43   USAC 711 AY973g BFQS00062 06/11/2025 06/11/2025 Libros Disponible